IFM Opac

Licensing rights in technology (Record no. 16713)

MARC details
000 -LEADER
fixed length control field 00359nam a22001457a 4500
020 ## - INTERNATIONAL STANDARD BOOK NUMBER
International Standard Book Number 7161 00797
082 ## - DEWEY DECIMAL CLASSIFICATION NUMBER
Classification number 346.0486 BLO
100 ## - MAIN ENTRY--PERSONAL NAME
Personal name Bloxam,George
245 ## - TITLE STATEMENT
Title Licensing rights in technology
260 ## - PUBLICATION, DISTRIBUTION, ETC.
Place of publication, distribution, etc. London
Name of publisher, distributor, etc. GA Bloxam
Date of publication, distribution, etc. 1972
300 ## - PHYSICAL DESCRIPTION
Extent xv,218p.
Other physical details 22cm.
500 ## - GENERAL NOTE
General note includes indexes
650 ## - SUBJECT ADDED ENTRY--TOPICAL TERM
Topical term or geographic name entry element Licensing rights in technology
942 ## - ADDED ENTRY ELEMENTS (KOHA)
Koha item type Books
Holdings
Withdrawn status Lost status Source of classification or shelving scheme Damaged status Not for loan Home library Current library Shelving location Date acquired Full call number Barcode Date last seen Price effective from Koha item type
Withdrawn   Dewey Decimal Classification     IFM Main Campus Library IFM Main Campus Library   10/04/2016 346.0486 BLO 0000008403 10/04/2016 10/04/2016 Books